Statistics for The Fairy Tales' Author

Click here to take the quiz!

General Stats

  • This quiz has been taken 25 times
  • The average score is 3 of 11

Answer Stats

HintAnswer% Correct
Hansel and GretelBrothers Grimm
65%
Alice's Adventure in WonderlandLewis Caroll
61%
The Snow QueenHans Christian Andersen
57%
The Hunchback of Notre DameVictor Hugo
57%
Gulliver's TravelsJonathan Swift
39%
CinderellaCharles Perrault
17%
The Wizard of OzLyman Frank Baum
9%
One Hundred and One DalmatiansDodie Smith
4%
Peter and WendyJames Mathew Barrie
4%
Beauty and the BeastJeanne-Marie Leprince de Beaumont
0%
The Gingerbread ManJoseph Jacobs
0%

Score Distribution

Percentile by Number Answered

Percent of People with Each Score

Your Score History

You have not taken this quiz